Géographie de l'Asie par lettre - J - Statistiques

Statistiques générales
  • Ce quiz a été pris 149 fois
  • Le résultat moyen est 11 sur 19
Statistiques - réponses
Indice Réponse % Correct
Capitale controversée d'Israël Jérusalem
97%
Capitale de l'Indonésie Jakarta
96%
Art martial japonais dit "Voie de la souplesse" et discipline olympique depuis 1964 Le Judo
87%
Île la plus peuplée au monde sur laquelle se trouve cette capitale Java
85%
Royaume hachémite où se trouve la ville antique de Pétra La Jordanie
82%
Merveille du monde antique située à Babylone Les Jardins suspendus
82%
Minéral précieux symbolique en Chine de dignité impériale Le Jade
78%
Deuxième plus long fleuve chinois aussi appelé Huáng hé Le fleuve {Jaune}
69%
La ville de Birobidjan est la capitale d'un oblast terre d'accueil pour les pratiquants de cette religion Le Judaïsme
63%
Chaîne de télévision en arabe basée au Qatar Al {Jazeera}
59%
Capitale de l'état indien du Rajasthan Jaipur
45%
Période de rivalité entre Russie et Royaume d'Angleterre au XIXe siècle en Asie centrale Le Grand {Jeu}
45%
La Chine détient le record du nombre de prisonniers qui exerçaient cette profession Journaliste
40%
Plus grande île de Corée du sud L'île de {Jeju}
38%
Complétez le nom de cette capitale Sri {Jayawardenapura} Kotte
38%
Religion basée sur la non-violence apparue au IXe siècle en Inde Le Jaïnisme
20%
Capitale de l'état malais du même nom et séparée de Singapour par le détroit toujours du même nom {Johor} Bahru
18%
Période historique japonaise où le pays était peuplé de chasseurs cueilleurs et dont la poterie singulière est réputée La période {Jōmon}
8%
Ville pétrolière du Kazakhstan depuis laquelle ont démarré des "grèves du pétrole" en 2011 et en 2022, cette dernière ayant engendré une vague de révoltes dans tout le pays et plus de 200 morts Janaozen
3%
Aucun quiz correspondant
Distribution des résultats
% des personnes avec chaque résultat
Percentile par nombre de réponses
Votre historique - résultats
Vous n’avez pas pris ce quiz